| 000 | 00777nam a22002297a 4500 | ||
|---|---|---|---|
| 003 | OSt | ||
| 005 | 20140310182946.0 | ||
| 008 | 130205t xxu||||| |||| 00| 0 eng d | ||
| 020 | _a9712349935 | ||
| 050 |
_aHJ 4629 _b.C885 2008 |
||
| 100 | _aCo Unitian Jr.,Cresencio P. | ||
| 245 |
_aTax accounting digest / _ban accountant's guide on income tax, estate & donor's taxes, value-added tax, percentage taxes, excise taxes, documentary stamp taxes, tax remedies, local & real property taxes, tariff & customs duties _cCrescencio P. Co Untian, Jr |
||
| 260 |
_aManila _bRex Book Store _c2008 |
||
| 300 |
_a 408 p. : _bill. _c23 cm |
||
| 521 | _aBSA | ||
| 562 | _e1 | ||
| 942 |
_2lcc _cBK _kLOC |
||
| 999 |
_c17812 _d17812 |
||